Converses al carrer Francesc Moragas (Record no. 644)

MARC details
000 -LEADER
campo de control de longitud fija 00522nam a22001457a 4500
008 - DATOS DE LONGITUD FIJA--INFORMACIÓN GENERAL
campo de control de longitud fija 150529b xxu||||| |||| 00| 0 eng d
082 ## - NÚMERO DE LA CLASIFICACIÓN DECIMAL DEWEY
Número de clasificación 779.209.2
Número de ítem D 148c
100 ## - ENTRADA PRINCIPAL--NOMBRE DE PERSONA
Nombre de persona Dalmau-Gorriz
9 (RLIN) 2886
245 ## - MENCIÓN DEL TÍTULO
Título Converses al carrer Francesc Moragas
Mención de responsabilidad, etc. Dalmau-Gorriz; Peran, Marti (editor)
260 ## - PUBLICACIÓN, DISTRIBUCIÓN, ETC.
Lugar de publicación, distribución, etc. Barcelona
Nombre del editor, distribuidor, etc. Conclave
Fecha de publicación, distribución, etc. 2001
300 ## - DESCRIPCIÓN FÍSICA
Extensión 56 p.
Otras características físicas ill. (col)
Dimensiones 29x20.5 cm
600 ## - PUNTO DE ACCESO ADICIONAL DE MATERIA--NOMBRE DE PERSONA
Nombre de persona Dalmau-Gorriz
Subdivisión general Exhibiciones
9 (RLIN) 2887
650 ## - PUNTO DE ACCESO ADICIONAL DE MATERIA--TÉRMINO DE MATERIA
Subdivisión general Fotografia-exhibiciones
-- Fotografos-colecciones individuales
9 (RLIN) 2888
700 ## - ENTRADA AGREGADA--NOMBRE PERSONAL
Nombre de persona Dalmau-Gorriz
9 (RLIN) 2889
Holdings
Estatus retirado Estado de pérdida Fuente del sistema de clasificación o colocación Estado de daño No para préstamo Biblioteca de origen Biblioteca actual Ubicación en estantería Fecha de adquisición Total de préstamos Signatura topográfica completa Código de barras Visto por última vez Precio de reemplazo Tipo de ítem Koha
    Clasificación Decimal Dewey     Biblioteca LadoV Biblioteca LadoV   29/05/2015   779.209.2 D 148c 000705 29/05/2015 29/05/2015 Material 01